000 00676nam a2200217Ia 4500
008 191130s2007##################000#0#eng##
020 _a71475222
022 _a2006036981
040 _aACL
_cACL
082 _a577.727 MAL
100 _aMalek, Mohammad A
245 _aHeating boiler operator's manual : maintenance, operation, and repair
_cMohammad A. Malek
250 _a1st ed
260 _aNew York
_bMcGraw-Hill
_c2007
300 _axv, 392 p. : ill. ; 24 cm
500 _aIncludes bibliographical references and index
650 _aSteam-boilers - Handbooks, manuals, etc
990 _ae303a6b6ac10000c29ad97313fde76d5
991 _a245293
999 _c203146
_d203146